LEADER 01745nas 2200553- 450 001 9910144882403321 005 20200724075344.9 011 $a1751-8520 035 $a(DE-599)ZDB2260473-X 035 $a(OCoLC)71257303 035 $a(CKB)1000000000238479 035 $a(CONSER)--2019207920 035 $a(EXLCZ)991000000000238479 100 $a20060906a20049999 --- a 101 0 $aeng 135 $aurmn||||||||| 181 $ctxt$2rdacontent 182 $cc$2rdamedia 183 $acr$2rdacarrier 200 00$aInternational journal of automation and computing 210 1$aBeijing :$cInstitute of Automation, Chinese Academy of Sciences 215 $a1 online resource 300 $aRefereed/Peer-reviewed 311 $a1476-8186 606 $aAutomation$xResearch$vPeriodicals 606 $aComputer science$xResearch$vPeriodicals 606 $aAutomation$2fast$3(OCoLC)fst00822786 606 $aComputer science$2fast$3(OCoLC)fst00872451 608 $aPeriodicals.$2fast 608 $aElectronic journals. 608 $aPeriodicals.$2lcgft 610 00$acomputers 610 00$aautomatisering 610 00$aautomation 610 00$ainformatica 610 00$ainformatics 610 00$abioinformatics 610 10$aInformation and Communication Technology (General) 610 10$aInformatie- en communicatietechnologie (algemeen) 615 0$aAutomation$xResearch 615 0$aComputer science$xResearch 615 7$aAutomation. 615 7$aComputer science. 676 $a629.89 712 02$aZhongguo ke xue yuan.$bZidonghua Yanjiuyuan, 906 $aJOURNAL 912 $a9910144882403321 996 $aInternational journal of automation and computing$92029192 997 $aUNINA LEADER 00821nam a2200229 i 4500 001 991001295659707536 008 041104s2005 it 000 0 ita d 020 $a8845249158 035 $ab13350791-39ule_inst 040 $aDip.to Filologia Ling. e Lett.$bita 100 1 $aTondelli, Pier Vittorio$0269240 245 10$aCamere separate /$cPier Vittorio Tondelli 260 $aMilano :$bTascabili Bompiani ;$cc2005 300 $a216 p. ;$c18 cm 440 0$aTascabili Bompiani ;$v172 650 4$aNarrativa 907 $a.b13350791$b21-09-06$c04-11-05 912 $a991001295659707536 945 $aLE008 LLI O IX 196$g1$i2008000111403$lle008$nPerrone$o-$pE0.00$q-$rl$s- $t0$u1$v0$w1$x0$y.i14145005$z04-11-05 996 $aCamere separate$9972848 997 $aUNISALENTO 998 $ale008$b04-11-05$cm$da $e-$fita$git $h0$i0